00547nam a2200193Ia 4500003000900000008004100009020001800050040001600068080001500084100001800099245007500117260003300192300001300225650004100238650002600279650001000305700002300315700001500338IN-BaIIA211028s9999 xx 000 0 eng d a0-08-012114-4 cIIA Library a538.3bDAV aDavid, Pierre 0aPropagation of wavescP. David and J. Voge; translated by J. B. Arthur aOxfordbPergamon Pressc1969 ax, 329p. aAstronomy and astrophysics thesaurus aElectromagnetic waves aWaves aArthur, J. B., tr. aVoge, Jean